Lean jako lék na krizi
Protikrízové opatrenia, ktoré vo svojom dôsledku iba predlžujú krízu. Typické protikrízové opatrenie - cost cutting. Rýchle krátenie nákladov - povrchné riešenie krízy. Koncepcia lean a jej využitie pre riešenie krízy. Cost management - riadené znižovanie nákladov pri udržaní kvality.
Saved in:
| Main Author: | |
|---|---|
| Format: | Book Chapter |
| Language: | Czech |
| Subjects: | |
| Tags: |
No Tags, Be the first to tag this record!
|
MARC
| LEADER | 00000naa$a2200000$$$4500 | ||
|---|---|---|---|
| 001 | 0116622 | ||
| 005 | 20231213140038.7 | ||
| 041 | 0 | |a cze | |
| 044 | |a CZ | ||
| 245 | 1 | 0 | |a Lean jako lék na krizi |c Miroslav Bauer |
| 520 | |a Protikrízové opatrenia, ktoré vo svojom dôsledku iba predlžujú krízu. Typické protikrízové opatrenie - cost cutting. Rýchle krátenie nákladov - povrchné riešenie krízy. Koncepcia lean a jej využitie pre riešenie krízy. Cost management - riadené znižovanie nákladov pri udržaní kvality. | ||
| 610 | 2 | 0 | |a manažment strategický |
| 610 | 2 | 0 | |a manažment štíhly |
| 610 | 2 | 0 | |a náklady |
| 610 | 2 | 0 | |a kvalita |
| 610 | 2 | 0 | |a ceny |
| 610 | 2 | 0 | |a kríza hospodárska |
| 100 | 1 | |a Bauer, Miroslav | |